00737nam a2200181 a 450000100100000000500170001000800410002702000150006804000250008310000440010824500810015226000530023330000270028604900090031395201050032295201110042799900170053800002760220200930030944.0110401s19uu dr 000 0 spa d a999340313X aDO-SdBNPbspacBNPHU1 aPeralta Collado , José Santana95469610aContabilidad básica explicativa 1, 2, 3 /cJosé Santana Peralta Collado. aSanto Domingo :bEditorial Arte e Idea,c[199?]. a88 p. :bil. ;c28 cm. aBNPD 0010718PDaPDbPDcCTd2011-04-01iLF1l0o p27602-10r2020-06-25w2020-06-25yLFPDZNo se presta 0010718PDaPDbPDcCTd2011-04-01iLF1l0o p27602-20r2020-06-25te. 2w2020-06-25yLFPDZNo se presta c27094d27094